| 000 | 00407 a2200145 4500 | ||
|---|---|---|---|
| 003 | Nust | ||
| 005 | 20170207154216.0 | ||
| 040 | _cNust | ||
| 082 | _a378.4 | ||
| 245 |
_aUni College Writtle Higher Education -Prospectus 1999 _cUni College Writtle Higher Education |
||
| 260 |
_aEssex _bUni College Writtle Higher Education _c1999 |
||
| 300 | _a88 p. | ||
| 538 | _aAlmirah No. 117 Shelf No. 1 | ||
| 650 | _aProspectus | ||
| 942 |
_2ddc _cBK |
||
| 999 |
_c195090 _d195090 |
||